000 01685cam a22004694i 4500
003 PE-LiUPU
005 20250731173531.0
008 150616s r 000 0 d
020 _a0801071208
035 _a(Sirsi) i9780801071201
040 _aPE-LiUPU
_bspa
_cPE-LiUPU
_erda
049 _aPRUA
082 0 4 _a268.01
_bP33
_221
100 1 _aPazmiño, Robert W.,
_eautor.
245 1 0 _aPrinciples and Practices of Christian Education :
_ban evangelical perspective /
_cRobert W. Pazmiño.
264 1 _aGrand Rapids, Michigan :
_bBaker Book House,
_c1992.
300 _a181 páginas ;
_c22 centímetros
336 _atext
_2rdacontent
337 _aunmediated
_2rdamedia
338 _avolume
_2rdacarrier
504 _aIncluye bibliografía.
505 0 _aPrinciples from the past.- Principles for the present and future.- Educational structures.- Educational content.- Educational methods.- Educational evaluation.
526 _aSEG42
526 _aSEG41
526 _aSEG40
526 _aSEG39
526 _aP94
526 _aP87
526 _aP86
526 _aP85
526 _aP77
526 _aP76
526 _aP35
650 0 4 _aEducación cristiana
_xFilosofía.
910 _ajck
_bjvq
_cjck
942 _2ddc
_cBOOK
949 _a268.01 P33
_wDEWEY
_c1
_i42287
_lCCODEBUL1
_mBUL
_r0
_sY
_tBOOK
_u2015-6-16
_xTEOLOGIA
_zUNKNOWN
_0COMPRA
_o.STAFF. Colección General
994 _aC0
_bPEPRU
596 _a1
999 _a268.01 P33
_wDEWEY
_c60118
_i42287
_f2021-11-10
_g5
_lCCODEBUL1
_mBUL
_r0
_sY
_tBOOK
_u2015-6-16
_xTEOLOGIA
_zUNKNOWN
_0COMPRA
_o.STAFF. Colección General
_d60118
980 _81
_gALBERTO SANCHEZ Responsable de Automatización